00532 2200205 4500001002100000005001700021008004100038035002400079082001000103090001700113100002600130245005000156260002800206300002900234650001400263850001500277980001300292985000600305999001500311YOGYA-0209000004852920090227032001.0 ind  0010-020900000048529 a770.2 a770.2bSud P aSULEIMAN, Amir Hamzah aPetunjuk untuk memotretcAmir Hamzah Suleiman aJakartabGramediac1977 aix, 173 hlmbilusc20 cm aFotografi aYOPDYOG(M) a23-11-07 a1 aP000001933